Biblioteka Instytutu Północnego w Olsztynie

Widok standardowy Widok MARC

Pozycja Topical Term

Liczba rekordów, w których użyto hasła: 1

001 - Numer kontrolny

  • control field: 38051

003 - Identyfikator numeru kontrolnego

  • control field: NUKAT

005 - Data i czas ostatniej modyfikacji

  • control field: 20260313131434.0

008 - Dane kontrolne kodowane (40 znaków)

  • fixed length control field: 180828n||azznnbabn |a ana |

010 ## - Numer kontrolny Biblioteki Kongresu

  • numer kontrolny LC: p 2018229580

035 ## - Numer systemowy

  • numer systemowy: a3816310x

035 ## - Numer systemowy

  • numer systemowy: (PL)a0000003816310

040 ## - Instytucja sporządzająca rekord

  • inst. przygot. dane do rek. khw: WA N
  • język haseł przedmiotowych/tezaurus: DBN
  • inst. wprow. rek. khw: WA N

072 ## - Kod kategorii przedmiotu

  • kod kategorii przedmiotu: 34

150 ## - Hasło - nazwa pospolita

  • nazwa posp. lub nazwa geogr. na pocz.: Zastosowanie i wykorzystanie

450 ## - Trop zob. - nazwa pospolita

  • nazwa posp. lub nazwa geogr. na pocz.: Stosowanie i wykorzystanie

450 ## - Trop zob. - nazwa pospolita

  • nazwa posp. lub nazwa geogr. na pocz.: Użytkowanie

450 ## - Trop zob. - nazwa pospolita

  • nazwa posp. lub nazwa geogr. na pocz.: Wykorzystanie i zastosowanie

550 ## - Trop zob. też - nazwa pospolita

  • nazwa posp. lub nazwa geogr. na pocz.: Obsługa i eksploatacja

550 ## - Trop zob. też - nazwa pospolita

  • nazwa posp. lub nazwa geogr. na pocz.: Użytkowanie (prawo)

550 ## - Trop zob. też - nazwa pospolita

  • nazwa posp. lub nazwa geogr. na pocz.: Użytkowanie wieczyste

550 ## - Trop zob. też - nazwa pospolita

  • nazwa posp. lub nazwa geogr. na pocz.: Użytkowanie ziemi

550 ## - Trop zob. też - nazwa pospolita

  • nazwa posp. lub nazwa geogr. na pocz.: Użytkowanie zwierząt
Biblioteka Instytutu Północnego, ul. Partyzantów 87, 10-402 Olsztyn, email: biblioteka(at)ip.olsztyn.pl